000 00582nam a22002177a 4500
003 UA-OsUOA
001 80176
007 ta
008 20111130b un ||||| |||| 00| 0 ukr d
100 _aШевчук Т.
090 _a82
_bШ37
942 _cSA
040 _aUA-OsUOA
_bukr
_cUA-OsUOA
_dUA-OsUOA
245 _aБарокова парадигма творчості Григорія Сковороди
300 _aС.48-53
955 _a0
041 _aukr
080 _a82
773 0 _w80171
650 7 _a82 Література. Літературознавство
_2UDC
999 _c366493
_d366493